| 000 | 00490nam a2200169Ia 4500 | ||
|---|---|---|---|
| 008 | 151021s9999 xx 000 0 und d | ||
| 020 | _a70374678 | ||
| 050 | _aT47.6 .L 1986 | ||
| 245 | _a_Quantitative approaches to management.-6th ed. Richard I levin | ||
| 260 | _aNew York McGraw hill 1986 | ||
| 300 | _axviii,796p.;ill | ||
| 500 | _aIncludes index. | ||
| 500 | _aIncludes index. | ||
| 650 | _a_Management | ||
| 700 | _a_David S.Rubin | ||
| 980 | _a^d20130603 01:10:44^oanne | ||
| 999 |
_c14023 _d14023 |
||